Diplomat, ktorý čítal Hviezdoslava odchádzajúci veľvyslanec Európskej únie Walter Rochel bude ...

Bibliographic Details
Main Author: Rochel, Walter (Author)
Other Authors: Škoda, Ján (Interviewer)
Format: Article
Language:Slovak
PhysicalDescription:Fotogr.
ISBN:13354051
Subjects:

MARC

LEADER 00000nab a2200000 a 4500
001 vtls000780871
003 SK-MaSNL
005 20260426071846.0
008 180206c2002 xo 0 slo
015 |a SNBRB2002/01-03062 
035 |a CLN000132613 
040 |a SNKBUCL  |b slo  |c SNKBUCL  |e AACR2 
041 0 |a slo 
044 |a xo  |c SK 
080 |a 327(437.6:4):327.39(4)  |2 UDC-MRF-SK2 
080 |a 327.39(4):341.71  |2 UDC-MRF-SK2 
100 1 |a Škoda, Ján  |4 ivr  |9 396537 
245 1 0 |a Diplomat, ktorý čítal Hviezdoslava  |b odchádzajúci veľvyslanec Európskej únie Walter Rochel bude ...  |c [zhováral sa] Ján Škoda 
300 |b Fotogr. 
600 1 7 |a Rochel, Walter  |2 SNKMA  |9 846402 
610 2 7 |a Európska únia  |2 SNKKA  |9 29861 
650 0 7 |a diplomacia  |2 SNKPH  |9 1254 
651 7 |a Slovensko  |2 SNKPHgeo  |9 14231 
655 7 |a články z novín a časopisov  |2 snkbucl  |9 267496 
700 1 |a Rochel, Walter  |4 aut  |4 ive  |9 846402 
773 0 |z 13354051  |t Pravda  |g Roč. 12, č. 2 (3.1.2002), s. 8 
850 |a Slovenská národná knižnica v Martine 
852 |a SNK  |b KIS3GCP 
958 |a RBX 
999 |c 2682791  |d 2684721